01614nam a2200445 i 45000010005000000030009000050050017000140080039000310150017000700400028000870460009001150800013001240800011001370800012001481000051001602450113002112600062003243000034003863360027004203370054004473380028005013800016005293880014005453880014005595040024005735210105005976500014007026500018007166500019007346550030007536580043007836580028008267000040008547100048008948560097009429420012010399990015010519520051010669520051011174173KOSZ 00520221125113230.0970903s1990 pl a f f |000 0 pol aPB 1990/6187 aWA NcWA NdKOSZ 005/HR k1990 a004.4'42 a004.31 a(075.8)1 aStabrowski, Marek Maksymiliand(1942- )eAutor10aLaboratorium układów techniki cyfrowej :b18080, Z80, MC6800, MCS6502 /cMarek Stabrowski, Jan Węgrzyn. aWarszawa :bWydawnictwa Politechniki Warszawskiej,c1990. a106, [1] s. :brys. ;c24 cm. 2rdacontentaTekstbtxt 2rdamediaaBez urządzenia pośredniczącegobn 2rdacarrieraWoluminbnc aKsiążki a1901-2000 a1989-2000 aBibliogr. s. [107]. aSkrypt przeznaczony dla studentów specjalności Automatyka i Metrologia na Wydziale Elektrycznym. 4aAsemblery 4aMikroprocesor 4aUkład cyfrowy 4aPodręczniki akademickie aInformatyka i technologie informacyjne aInżynieria i technika1 aWęgrzyn, Janc(elektronik)eAutor2 aWydawnictwa Politechniki Warszawskiej4pbl. uhttp://koha.tu.koszalin.pl/cgi-bin/koha/opac-detail.pl?biblionumber=4173yKatalog online BPK 2UKDcKS c4173d4173 00104070aBPKbBPKcwoP 39934p01249415yKS 00104070aBPKbBPKcwoP 41215p01022858yKS